| 000 | 04319nam0a2200397 4500 | ||
|---|---|---|---|
| 001 | RU\NLR\BIBL_A\016233605 | ||
| 005 | 20230227095258.0 | ||
| 010 |
_a978-5-907513-60-0 _975 |
||
| 021 |
_aRU _bКН-П-22-080248 _9КН-П-22-7040 |
||
| 035 | _a(NLR Aleph) 016233605 | ||
| 035 | _a(RuMoRGB)011371728 | ||
| 090 |
_a12774735 _c12774735 |
||
| 100 | _a20221209d2022 u y0rusy50 ca | ||
| 101 | 0 | _arus | |
| 102 | _aRU | ||
| 105 | _aa|||j|||000zy | ||
| 181 | 0 |
_ai _baxxe |
|
| 182 | 0 | _an | |
| 200 | 1 |
_aПроектирование геодезического обоснования для геопространственного обеспечения территориального образования _eучебно-методическое пособие для обучающихся по направлению подготовки 21.03.02. Землеустройство и кадастры (уровень бакалавриата) _fЕ. И. Аврунев, А. В. Чернов _gМинистерство науки и высшего образования Российской Федерации, Федеральное государственное бюджетное образовательное учреждение высшего образования "Сибирский государственный университет геосистем и технологий" (СГУГиТ) |
|
| 203 |
_aТекст _bвизуальный _cнепосредственный |
||
| 210 |
_aНовосибирск _cСГУГИТ _d2022 |
||
| 215 |
_a70 с. _cил. _d21 |
||
| 300 | _aВ аннот. авт.: кандидаты техн. наук, доценты: Е. И. Аврунев, А. В. Чернов | ||
| 320 | _aБиблиогр.: с. 69-70 (14 назв.) | ||
| 330 | _aУчебно-методическое пособие разработано на кафедре кадастра и территориального планирования кандидатами технических наук, доцентами Е. И. Авруневым, А. В. Черновым. В учебно-методическом пособии рассмотрены теория и практика проектирования и оценки геодезического обоснования, необходимого для выполнения комплексных кадастровых работ, даны подробные рекомендации по выполнению курсового проекта по дисциплине "Геодезическое обеспечение Единого государственного реестра недвижимости". Учебно-методическое пособие направлено на формирование у обучающихся профессиональных компетенций по проектированию и оптимизации технологического процесса по геодезическому обеспечению комплексных кадастровых работ и созданию в территориальном образовании координатной системы, позволяющей решать многочисленные задачи градостроительной и кадастровой деятельности | ||
| 606 | 1 |
_aКадастр городской _xГеодезическое обеспечение _jУчебно-методические пособия для высших учебных заведений _2nlr_sh2 _3RU\NLR\AUTH\661536125 |
|
| 606 | 1 |
_aЗемлеустройство _xГеодезические работы _jУчебно-методические пособия для высших учебных заведений _2nlr_sh1 _2nlr_sh2 _3RU\NLR\AUTH\66272279 |
|
| 675 |
_a332.2/.3:528(075.8) _v4 |
||
| 686 | 1 | _aД141я73 | |
| 686 | 1 | _aД143я73 | |
| 700 | 1 |
_aАврунёв _bЕ. И. _gЕвгений Ильич _3RU\NLR\AUTH\770189769 |
|
| 701 | 1 |
_aЧернов _bА. В. _cканд. техн. наук, землеустройство _gАлександр Викторович _3RU\NLR\AUTH\770252255 _4220 |
|
| 942 | _cBOOK | ||
| 980 | _aNB | ||